Κατάλογος Βιβλιοθηκών Mediterranean College

Fashion : (Record no. 9929)

MARC details
000 -LEADER
fixed length control field 01623nam a22002417a 4500
005 - ΗΜΕΡΟΜΗΝΙΑ ΚΑΙ ΩΡΑ ΤΕΛΕΥΤΑΙΑΣ ΕΝΗΜΕΡΩΣΗΣ
Πεδίο ελέγχου 20250905112148.0
006 - FIXED-LENGTH DATA ELEMENTS--ADDITIONAL MATERIAL CHARACTERISTICS
Πεδίο ελέγχου σταθερού μήκους a|||||r|||||||||||
008 - FIXED-LENGTH DATA ELEMENTS--GENERAL INFORMATION
Πεδίο ελέγχου σταθερού μήκους s2023 nyua 001 0 eng |
020 ## - ISBN
ISBN 9780241655771
040 ## - ΠΗΓΗ ΚΑΤΑΛΟΓΟΓΡΑΦΗΣΗΣ
Φορέας πρωτότυπης καταλογογράφησης MC Athens Campus Library
Γλώσσα καταλογογράφησης Αγγλικά
245 00 - ΤΙΤΛΟΣ ΚΑΙ ΔΗΛΩΣΗ ΥΠΕΥΘΥΝΟΤΗΤΑΣ
Τίτλος Fashion :
Remainder of title the definitive visual guide /
Statement of responsibility, etc. senior editor, Kathryn Hennessy.
250 ## - EDITION STATEMENT
Edition statement New edition.
250 ## - EDITION STATEMENT
Edition statement Second edition.
264 #1 - PRODUCTION, PUBLICATION, DISTRIBUTION, MANUFACTURE, AND COPYRIGHT NOTICE
Place of production, publication, distribution, manufacture New York :
Name of producer, publisher, distributor, manufacturer DK Publishing,
Date of production, publication, distribution, manufacture, or copyright notice 2023
300 ## - PHYSICAL DESCRIPTION
Extent 480 p. :
Other physical details color ill. ;
Διαστάσεις 29 cm
500 ## - GENERAL NOTE
Γενική σημείωση Includes index.
520 ## - SUMMARY, ETC.
Summary, etc. The ultimate introduction to art and culture presents 3,000 years of fashion in one gorgeous coffee table book. This is the definitive visual guide to everything ever worn. Fashion: The Definitive Visual Guide brings you a grand gallery of more than 3,000 years of fashion history.<br/>From simple to sophisticated, elegant to excessive, what we wear defines who we are. Discover all you need to know about the evolution of costume and dress from different eras in this all-encompassing guide to fashion. Explore the pages of this curated coffee table book, which offers: - Over 1,500 costumes from around the world.<br/>- 'Closer Look' sections provide a detailed analysis of fashion past and present. - Picture-packed galleries that explore how social media and fast fashion have impacted diversity and beauty ideals. The 6 core chapters are structured chronologically,so there's something for everyone to explore, learn and love.
650 #0 - SUBJECT ADDED ENTRY--TOPICAL TERM
Topical term or geographic name entry element Fashion
9 (RLIN) 9926
650 #0 - SUBJECT ADDED ENTRY--TOPICAL TERM
Topical term or geographic name entry element Clothing and dress
General subdivision History
9 (RLIN) 10087
700 ## - ΠΡΟΣΘΕΤΗ ΑΝΑΓΡΑΦΗ--ΦΥΣΙΚΟ ΠΡΟΣΩΠΟ
Personal name Hennessy, Kathryn
Σχέση Επιμελητής
9 (RLIN) 10099
942 ## - ADDED ENTRY ELEMENTS (KOHA)
Koha item type Books
Holdings
Τύπος τεκμηρίου Βιβλιοθήκη Τρέχουσα τοποθεσία Barcode Αριθμός εισαγωγής Ημερομηνία απόκτησης Ταξιθετικό σύμβολο Αριθμός αντιτύπου Κατάσταση απόσυρσης Κατάσταση χαμένου Κατάσταση κατεστραμμένου Μη δανεισμός Σύνολο δανεισμών Ημερομηνία τελευταίας εμφάνισης Η τιμή ισχύει από
Books MC Athens Campus Library MC Athens Campus Library 9780000099006 8096 05/09/2025 746.9209 FAS 1           05/09/2025 05/09/2025

MC Athens Campus Library
Πατησίων 94 & Κοδριγκτώνος 13, 104 34
Πελλήνης 8 & Πατησίων 107, 112 51
Τ: +30 210 8899600

MC Thessaloniki Campus Library
Ίωνος Δραγούμη 21, 54625 | Ίωνος Δραγούμη 15, 54625
Τ: +30 2310 287779 – Τ: +30 2314 440300